Chansons de Michel Sardou sur un lieu - Statistiques

Statistiques générales
  • Ce quiz a été pris 123 fois
  • Le résultat moyen est 11 sur 24
Statistiques - réponses
Indice Chanson % Correct
Paris J'habite en {France}
99%
Irlande Les lacs du {Connemara}
99%
Paris Monsieur le président de {France}
99%
Manhattan La java de {Broadway}
87%
Continent {Afrique} adieu
83%
Américains Les {Ricains}
72%
Rome Pense à l'{Italie}
72%
Océan L'{Atlantique}
57%
Brésil Nuits blanches à {Rio}
57%
Washington L'{Amérique} de mes dix ans
52%
Italie Les routes de {Rome}
42%
Rome A l'{italienne}
41%
Asuncion Le {Paraguay} n'est plus ce qu'il était
38%
Canada/France Maudits {Français}
34%
Bâton rouge Mam'selle {Louisiane}
31%
Bataille {Verdun}
26%
Aude {Carcassonne}
24%
Californie Los {Angelien}
13%
Etats-Unis Prochains jours de {Pearl Harbor}
12%
Argentine {San Lorenzo}
11%
Ile {Corsica}
9%
En Europe Les {Balkans} et la {Provence}
6%
Washington Motel à {Keeseeme}
4%
Continent {America} {America}
2%
Aucun quiz correspondant
Distribution des résultats
% des personnes avec chaque résultat
Percentile par nombre de réponses
Votre historique - résultats
Vous n’avez pas pris ce quiz